000 00446nam a2200205Ia 4500
001 12055
003 GE_BSU
008 181216s||||||||xx |||||||||||||| ||und||
020 _a9780593044605
040 _cGE_BSU
080 _a821.111-32
100 _aSeymour,Gerald
245 2 _aA line in the sand
260 _aLondon
260 _bBantam Press
260 _c1999.
300 _a383p;24cm.
653 _aA line in the sand
942 _cBK
999 _c45232
_d45232